000 00651nam a2200145Ia 4500
005 20260209120127.0
008 260209s9999||||xx |||||||||||||| ||und||
100 _aArun Gudigenavar
245 0 _aProtection of consumers through banking ombudsman : a critique
260 _aBangaloreBangalore
_bNLSIU
_c2010
300 _a74 p. ; 25 cm.
650 _aBank Ombudsman - Legal Provisions - Arbitration and Conciliation Act Banking Ombudsman Schemes - Critical Review Consumer Forum - Bank Ombudsman System - India
700 _aProf. (Dr.) Ashok R Patil - GuideProf. (Dr.) Ashok R Patil - Guide
856 _uhttps://dans.nls.ac.in/handle/123456789/2018
999 _c216914
_d216914